Demokrasi neye yarar? : (Record no. 15023)
[ view plain ]
| 000 -BAŞLIK | |
|---|---|
| Sabit Uzunlukta Kontrol Alanı | 00894nam a22002657a 4500 |
| 999 ## - SİSTEM KONTROL NUMARALARI (KOHA) | |
| Koha Biblionumber | 15023 |
| Koha Biblioitemnumber | 15023 |
| 003 - KONTROL NUMARASI IDENTIFIER | |
| Denetim Alanı | MIRAKIL |
| 005 - SON İŞLEM TARİHİ VE ZAMANI | |
| Denetim Alanı | 20221006150603.0 |
| 008 - SABİT-BOY VERİ ELEMANLARI - GENEL BİLGİLER | |
| Sabit Uzunlukta Kontrol Alanı | 221006b tu ||||| |||| 00| 0 tur d |
| 020 ## - ULUSLARARASI STANDART KİTAP NUMARASI | |
| Uluslararası Standart Kitap Numarası | 9789750817496 |
| 040 ## - KATALOGLAMA KAYNAK | |
| Orijinal Kataloglama Ajansı | TR-AnCHP |
| Metne Dönüştürmek Ajansı | TR-AnCHP |
| 041 ## - DİL KODU | |
| Metin / Ses Parça Veya Ayrı Başlığın Dil Kodu | tur |
| 082 ## - DEWEY ONLU SINIFLANDIRMA NUMARASI | |
| Sınıflandırma Numarası | 321.8 |
| Ürün Numarası | R55d 2009 |
| 100 ## - ANA GİRİŞ - KİŞİSEL İSİM | |
| Kişisel Ad | Ringen, Stein |
| 245 10 - BAŞLIK TABLOSU | |
| Başlık | Demokrasi neye yarar? : |
| Başlığın Kalan | özgürlük ve ahlaki yönetim üzerine / |
| Sorumluluk Tablosu, Vb | Stein Ringen ; çeviren Nurettin Elhüseyni |
| 246 ## - UNVAN FORM VARYING | |
| Başlık Doğru / Kısa Başlığı | özgürlük ve ahlaki yönetim üzerine |
| 260 ## - YAYIN, DAĞITIM, VB | |
| Yayın, Dağıtım, Vb Yeri | İstanbul: |
| Yayıncı, Dağıtıcı, Vs Adı | Yapı kredi yayınları, |
| Yayın, Dağıtım, Vb Tarihi | 2009. |
| 300 ## - FİZİKSEL TANIM | |
| Kapsam | 425 s.: |
| Boyutlar | 21 sm. |
| 490 0# - SERİSİ TABLOSU | |
| Seri Beyanı | Yapı Kredi Yayınları; |
| -- | Cogito; |
| Hacim / Ardışık Tanımı | 3059. |
| -- | 180. |
| 504 ## - KAYNAKÇA VB NOT | |
| Kaynakça Vb Notu | Kaynakça ve dizin vardır. |
| 650 #0 - KONU KATMA GİRİŞ - TOPİKAL DÖNEM | |
| 9 (RLIN) | 7 |
| Topikal Süreli Veya Coğrafi Ad Giriş Elemanı | Demokrasi |
| 650 #0 - KONU KATMA GİRİŞ - TOPİKAL DÖNEM | |
| 9 (RLIN) | 7209 |
| Topikal Süreli Veya Coğrafi Ad Giriş Elemanı | Siyasi ahlak |
| 700 ## - KATMA GİRİŞ - KİŞİSEL İSİM | |
| 9 (RLIN) | 7208 |
| Kişisel Ad | Elhüseyni, Nurettin |
| Relator Terim | çev. |
| 740 ## - KATMA GİRİŞ - KONTROLSUZ İLGİLİ / ANALİTİK BAŞLIK | |
| Kontrol Edilmeyen / İlgili Analitik Başlıktaki | özgürlük ve ahlaki yönetim üzerine |
| 942 ## - EKLENDİ GİRİŞ ELEMANLARI (KOHA) | |
| Sınıflandırma Veya Raf Düzeni Kaynak | Dewey Decimal Classification |
| Koha Öğesi Türü | Books |
| Kalıcı Konum | Mevcut Konum | Edinme Tarihi | Toplam Check-Out'Lar | Tam Çağrı Numarası | Barkod | Tarih Son Görülme | İtibaren Geçerli Fiyatlar | Koha Öğesi Türü |
|---|---|---|---|---|---|---|---|---|
| CHP Kütüphanesi | CHP Kütüphanesi | 10/06/2022 | 321.8 R55d 2009 | 020561 | 10/06/2022 | 10/06/2022 | Books |
